000 01105cam a22003257a 4500
003 CHAP
005 20220329135657.0
008 971013s1985 r 00010 d
010 _a40391
011 _a41363
035 _a45489
040 _cCHAP
090 _aTesis
100 0 0 _aMorett Sánchez, Jesús Carlos.
_978764
245 1 4 _aLas nuevas modalidades de acumulación de capital en el campo
_b: la agricultura de contrato
260 _aChapingo, Méx. :
_bEl autor,
_c1985
300 _aca 202 h
502 _aTesis (M.C. Esp. en Sociología Rural) -- UACH. Departamento de Sociología Rural
590 _aALEPH
_b10
_c20130110
_lUCH01
_h1309
590 _aBATCH-UPD
_b10
_c20130109
_lUCH01
_h2331
590 _aBATCH-UPD
_b10
_c20130110
_lUCH01
_h1039
590 _aBATCH-UPD
_b10
_c20130410
_lUCH01
_h0639
590 _aBATCH-UPD
_b10
_c20130914
_lUCH01
_h0017
590 _aCONVERSION
_b10
_c20130109
_lUCH01
_h1322
650 1 4 _aAgricultura contractual.
_91944
650 1 4 _aCapital en agricultura.
_918710
901 _aBK
942 _cTESIS
949 _bBC
_cTES
_d-103891
_eTS1
_h18679
_i45489
_si
999 _c40391
_d40391